RICS Position Paper on Prudently Conservative Valuation Criteria in the Context of CRR Implementation in Europe (Record no. 122075)

MARC details
000 -LEADER
fixed length control field 01524nam a22002537a 4500
008 - FIXED-LENGTH DATA ELEMENTS--GENERAL INFORMATION
fixed length control field 241223t2024 xxk|||||o|||| 00| 0 eng d
041 ## - LANGUAGE CODE
Language code of text/sound track or separate title eng
110 ## - MAIN ENTRY--CORPORATE NAME
Corporate author Royal Institution of Chartered Surveyors
245 ## - TITLE STATEMENT
Title RICS Position Paper on Prudently Conservative Valuation Criteria in the Context of CRR Implementation in Europe
Medium [Electronic resource]
260 ## - PUBLICATION INFORMATION
Place of publication London,
Publisher Royal Institution of Chartered Surveyors,
Date December 2024
300 ## - PHYSICAL DESCRIPTION
Physical description 6p.
490 ## - SERIES TITLE
Series statement RICS Information Paper
520 ## - ABSTRACT
Abstract Developed by the developed by the expert members of the European Prudent Value Working Group this RICS position paper on prudently conservative valuation criteria in the context of the Capital Requirements Regulation III (CRR) implementation in Europe. This critical document addresses the challenges and opportunities posed by the introduction of these criteria under Basel 3.1 standards, set to take effect on January 1, 2025.
650 ## - KEYWORDS
Keywords BASEL III
650 ## - KEYWORDS
Keywords CAPITAL REQUIREMENTS REGULATION
650 ## - KEYWORDS
Keywords PRUDENT VALUATION
650 ## - KEYWORDS
Keywords VALUATION
651 ## - SUBJECT ADDED ENTRY--GEOGRAPHIC NAME
Geographic name Europe
690 ## - BROAD SUBJECT
Broad subject Valuation
9 (RLIN) 6273
710 ## - ADDED CORPORATE NAME
Added corporate author Royal Institution of Chartered Surveyors
856 ## - ONLINE RESOURCE
Uniform Resource Identifier <a href="https://www.rics.org/news-insights/rics-releases-position-paper-prudently-conservative-valuation-criteria-crr-iii-implementation">https://www.rics.org/news-insights/rics-releases-position-paper-prudently-conservative-valuation-criteria-crr-iii-implementation</a>
Public note Press release
856 ## - ONLINE RESOURCE
Uniform Resource Identifier <a href="https://www.rics.org/content/dam/ricsglobal/documents/latest-news/RICS-Position-Paper-on-the-implementation-of-CRR-in-Europe.pdf">https://www.rics.org/content/dam/ricsglobal/documents/latest-news/RICS-Position-Paper-on-the-implementation-of-CRR-in-Europe.pdf</a>
Public note Full paper free on RICS.org
942 ## - ADDED ENTRY ELEMENTS (KOHA)
Suppress in OPAC Do not suppress in OPAC
Holdings
Lost status Damaged status Not for loan Current library Shelving location Date acquired Total Checkouts Full call number Date last seen Price effective from Koha item type
      Virtual Online 23/12/2024   ONLINE PUBLICATION 23/12/2024 23/12/2024 Online material